Institutional Restructuration of the Slovak Research and Development System

Inštitucionálna štruktúra systému výskumu a vývoja na Slovensku po šiestich rokoch transformácie. Významné zmeny v organizácii výskumu a vývoja po r. 1989. Päť sektorov: SAV, vysokoškolský výskum, rezortný výskum, podnikový výskum, súkromné výskumné organizácie. Súčasný stav - bezkoncepčný vývoj - n...

Descripción completa

Guardado en:
Detalles Bibliográficos
Autor principal: Šarmír, Eduard
Formato: Capítulo de libro
Lenguaje:inglés
Materias:
Etiquetas: Agregar Etiqueta
Sin Etiquetas, Sea el primero en etiquetar este registro!

MARC

LEADER 00000naa a2200000 4500
001 r025002
005 20230921122324.0
041 0 |a eng 
044 |a SK 
245 1 0 |a Institutional Restructuration of the Slovak Research and Development System  |c Eduard Šarmír 
520 |a Inštitucionálna štruktúra systému výskumu a vývoja na Slovensku po šiestich rokoch transformácie. Významné zmeny v organizácii výskumu a vývoja po r. 1989. Päť sektorov: SAV, vysokoškolský výskum, rezortný výskum, podnikový výskum, súkromné výskumné organizácie. Súčasný stav - bezkoncepčný vývoj - nebezpečenstvo dezintegrácie slovenského výskumného a vývojového systému. 
610 2 0 |a výskum 
610 2 0 |a vývoj 
610 2 0 |a organizácia vedy 
610 2 0 |a Slovensko 
610 2 0 |a 1989-1996 
610 2 0 |a SAV Bratislava 
610 2 0 |a zmeny organizačné 
100 1 |a Šarmír, Eduard